Hidupan Kolam

Bibliographic Details
Main Author: Jennings, Terry
Format: Book
Published: Petaling Jaya : Penerbit Fajar Bakti Sdn. Bhd. , 1987
Series:Saintis Muda Menyelidik
Subjects:

MARC

LEADER 00000cam a2200000 7i4500
001 0000007723
002 000008293
005 20000330.0
020 |a 9676503754 
090 0 0 |a J 500   |b JEN 
100 1 |a Jennings, Terry 
245 1 0 |a Hidupan Kolam   |c Terry Jennings 
260 |a Petaling Jaya :   |b Penerbit Fajar Bakti Sdn. Bhd. ,   |c 1987 
300 |a 32 p. :   |b ill. ;   |c 32 cm. 
490 0 |a Saintis Muda Menyelidik 
650 0 0 |a Pond ecology   |x Jurenile literature 
999 |a 0010970   |b BUKU   |c PINJAMAN   |e PERPUSTAKAAN KOMUNITI PETALING JAYA